Southville International School and Colleges
Your cart is empty.
  • Cart
  • Lists
    Public lists Eva Luna New books Lux_list list_1
    Your lists Log in to create your own lists
  • Log in to your account
  • Your cookies
  • Search history
Southville International School and Colleges
  • Advanced search
  • Recent comments
  • Most popular
  • Libraries

Log in to your account

Log in with GOOGLE


If you do not have an external account, but do have a local account, you can still log in:

  1. Home
  2. MARC view: Snow White and the seven dwarfs.
Normal view MARC view ISBD view

Snow White and the seven dwarfs. (Record no. 111750)

[ view plain ]
MARC details
000 -LEADER
fixed length control field 00448nam a2200169 a 4500
001 - CONTROL NUMBER
control field 1262
005 - DATE AND TIME OF LATEST TRANSACTION
control field 20140414131921.0
008 - FIXED-LENGTH DATA ELEMENTS--GENERAL INFORMATION
fixed length control field 041206s19uu xx 00 eng d
050 ## - LIBRARY OF CONGRESS CALL NUMBER
Classification number ER
Item number Sn6 1998
245 ## - TITLE STATEMENT
Title Snow White and the seven dwarfs.
260 ## - PUBLICATION, DISTRIBUTION, ETC. (IMPRINT)
Place of publication, distribution, etc U. S. A. :
Name of publisher, distributor, etc Walt Disney Productions,
Date of publication, distribution, etc 1998.
300 ## - PHYSICAL DESCRIPTION
Extent 1 v. p. : ill. ; cm.
440 ## - SERIES STATEMENT/ADDED ENTRY--TITLE
Title Walt Disney's.
650 ## - SUBJECT ADDED ENTRY--TOPICAL TERM
Topical term or geographic name as entry element Fairy tales.
650 ## - SUBJECT ADDED ENTRY--TOPICAL TERM
Topical term or geographic name as entry element Children stories.
Holdings
Withdrawn status Lost status Damaged status Use restrictions Home library Current library Shelving location Date acquired Source of acquisition Total Checkouts Full call number Barcode Date last seen Price effective from Koha item type
        Munich Library Munich Library Easy Reading Section 12/06/2004     ER Sn6 1998 M2631 04/14/2014 04/14/2014 Books

Snow White and the seven dwarfs.

APA

(1998). Snow White and the seven dwarfs. U. S. A: Walt Disney Productions.

Chicago

1998. Snow White and the seven dwarfs. U. S. A: Walt Disney Productions.

Harvard

(1998). Snow White and the seven dwarfs. U. S. A: Walt Disney Productions.

MLA

Snow White and the seven dwarfs. U. S. A: Walt Disney Productions. 1998.

  • Place hold
  • Print
  • Cite
  • Add to your cart (remove)
  • Save record
    BIBTEX Dublin Core MARCXML MARC (non-Unicode/MARC-8) MARC (Unicode/UTF-8) MARC (Unicode/UTF-8, Standard) MODS (XML) RIS
  • More searches
    Search for this title in:
    Other Libraries (WorldCat) Other Databases (Google Scholar) Online Stores (Bookfinder.com) Open Library (openlibrary.org)

Exporting to Dublin Core...

SOUTHVILLE LIBRARY

Southville International School and Colleges Library

1281 Tropical Ave. Cor. Luxembourg St., BF Homes International, Las Pinas City

Tel. No. 8256374 / 252358 Loc. 117/146

Powered by Koha